Vista normal
Vista MARC
Entrada Personal Name
Número de registros utilizados en: 1
001 - CONTROL NUMBER
- control field: 17023
003 - CONTROL NUMBER IDENTIFIER
- control field: DLC
005 - DATE AND TIME OF LATEST TRANSACTION
- control field: 20250507083201.0
008 - FIXED-LENGTH DATA ELEMENTS
- fixed length control field: 150731n| azannaabn |n aaa
010 ## - LIBRARY OF CONGRESS CONTROL NUMBER
- LC control number: n 2015186479
035 ## - SYSTEM CONTROL NUMBER
- System control number: (DNLM)1659796
040 ## - CATALOGING SOURCE
- Original cataloging agency: DNLM
- Language of cataloging: spa
- Description conventions: rda
- Transcribing agency: Mx-PuUPA
- Modifying agency: Mx-PuUPA
100 1# - HEADING--PERSONAL NAME
- Personal name: Sivak, Roberto,
374 ## - OCCUPATION
- Occupation: Autor
375 ## - GENDER
- Gender: hombre
377 ## - ASSOCIATED LANGUAGE
- Language code: spa
670 ## - SOURCE DATA FOUND
- Source citation: Estrés, trauma y desastres, 2011:
- Information found: t.p. (Roberto Sivak; médico psiquiatra (UBA); jefe Trabajos Prácticos Departamento Salud Mental UBA)